| 000 | 02026cam a22004214i 4500 | ||
|---|---|---|---|
| 001 | 18809606 | ||
| 003 | OSt | ||
| 005 | 20231206112950.0 | ||
| 008 | 151006s2016 enka b 000 0 eng | ||
| 010 | _a 2015019553 | ||
| 020 | _a9781138776661 (hardback : alkaline paper) | ||
| 020 | _a9781138776753 (paperback : alkaline paper) | ||
| 020 | _z9781315672908 (ebook) | ||
| 040 |
_aDLC _beng _cDLC _erda _dDLC |
||
| 042 | _apcc | ||
| 050 | 0 | 0 |
_aGN406 _b.G56 2016 |
| 082 | 0 | 0 |
_a306.46 _bGER/G |
| 245 | 0 | 4 |
_aThe global lives of things : _bthe material culture of connections in the early modern world / _cedited by Anne Gerritsen and Giorgio Riello. |
| 264 | 1 |
_aLondon ; _aNew York : _bRoutledge, _c2016. |
|
| 300 |
_axvo. 265 [ages " _billustrations ; _c24 cm |
||
| 336 |
_atext _btxt _2rdacontent |
||
| 337 |
_aunmediated _bn _2rdamedia |
||
| 338 |
_avolume _bnc _2rdacarrier |
||
| 504 | _aIncludes bibliographical references. | ||
| 520 | 2 | _a"The Global Lives of Things considers the ways in which 'things,' ranging from commodities, to works of art and precious materials, participated in the shaping of 'globalisation' in the early modern period. This volume traces the movements of objects through human networks of commerce, colonialism and curiosity. It argues that material objects mediated between the forces of global economic exchange and the constantly changing identities of individuals, as they were drawn into global circuits"--Provided by publisher. | |
| 650 | 0 |
_aMaterial culture _xHistory. |
|
| 650 | 0 |
_aGlobalization _xHistory. |
|
| 650 | 0 |
_aSocial networks _xHistory. |
|
| 650 | 0 |
_aCommerce _xHistory. |
|
| 650 | 0 |
_aColonies _xHistory. |
|
| 650 | 0 | _aHistory, Modern. | |
| 650 | 0 | _aEconomic history. | |
| 700 | 1 | _aGerritsen, Anne. | |
| 700 | 1 | _aRiello, Giorgio. | |
| 906 |
_a7 _bcbc _corignew _d1 _eecip _f20 _gy-gencatlg |
||
| 942 |
_2ddc _cBK _h306.46 _iGER/G _k306.46 _mGER/G |
||
| 999 |
_c43778 _d43778 |
||